ბათუმის შოთა რუსთაველის სახელმწიფო უნივერსიტეტის ბიბლიოთეკა

ქართული განმანათლებლობა. Грузинское просветительство. (ბიბ.ჩანაწერი № 44903)

000 -LEADER
fixed length control field 00824nam a2200205Ia 4500
001 - CONTROL NUMBER
control field 11722
003 - CONTROL NUMBER IDENTIFIER
control field GE_BSU
008 - FIXED-LENGTH DATA ELEMENTS--GENERAL INFORMATION
fixed length control field 181216s||||||||xx |||||||||||||| ||und||
040 ## - CATALOGING SOURCE
Transcribing agency GE_BSU
080 ## - UNIVERSAL DECIMAL CLASSIFICATION NUMBER
Universal Decimal Classification number 37(479.22)(09)+316(479.22)(09)
100 ## - MAIN ENTRY--PERSONAL NAME
Personal name გაფრინდაშვილი,მიხეილ. Гаприндашвили,М.М.
245 ## - TITLE STATEMENT
Title ქართული განმანათლებლობა. Грузинское просветительство.
245 ## - TITLE STATEMENT
Statement of responsibility, etc. რედ:ლ.გორგილაძე; მხატვ:ვ.გიორგობიანი.
260 ## - PUBLICATION, DISTRIBUTION, ETC.
Place of publication, distribution, etc. თბილისი
260 ## - PUBLICATION, DISTRIBUTION, ETC.
Name of publisher, distributor, etc. მეცნიერება
260 ## - PUBLICATION, DISTRIBUTION, ETC.
Date of publication, distribution, etc. 1966
300 ## - PHYSICAL DESCRIPTION
Extent 322გვ;22სმ.
653 ## - INDEX TERM--UNCONTROLLED
Uncontrolled term ქართული განმანათლებლობა
942 ## - ADDED ENTRY ELEMENTS (KOHA)
Koha item type წიგნი
ეგზემპლარები
Withdrawn status Lost status Damaged status Not for loan Date acquired Barcode Date last seen Price effective from Koha item type
        2018-12-17 20320 2018-12-17 2018-12-17 წიგნი